| 000 | 00577nam a2200181Ia 4500 | ||
|---|---|---|---|
| 008 | 090124s9999 xx 000 0 und d | ||
| 082 |
_b25045 _a677 |
||
| 100 | _aगोखले सुशीला | ||
| 245 | _a सातारा ते सिंगापूर | ||
| 250 | _a1 | ||
| 260 | _c1985 | ||
| 300 | _a124 | ||
| 600 | _aगोखले सुशीला | ||
| 630 | _a सातारा ते सिंगापूर | ||
| 700 | _aगोखले सुशीला | ||
| 730 | _a सातारा ते सिंगापूर | ||
| 942 | _cBOOK | ||
| 999 |
_c138577 _d138577 |
||